000 00643nam a2200265Ia 4500
005 20260324152732.0
008 008 260324s9999 xx 000 0 eng d
020 _a9780123859389
037 _aEBOOK
040 _aCRL
040 _beng
040 _cCRL
041 _2eng
041 _aeng
084 _qCRL
100 _aSigurdsson, Haraldur
_9862573
245 4 _aThe Encyclopedia of Volcanoes
260 _bElsevier
260 _c2015
650 _aEarth and Planetary Sciences
856 _uhttps://www.sciencedirect.com/science/book/9780123859389
942 _cEBOOK
999 _c1840440
_d1840440